[Event "Itzehoe op 3rd"]
[Site "Itzehoe"]
[Date "2024.05.11"]
[Round "6"]
[White "Brandt, Volker"]
[Black "Summerscale, Aaron"]
[Result "1-0"]
[WhiteElo "1670"]
[BlackElo "2395"]
[PlyCount "41"]
[EventDate "2024.05.09"]
[EventType "swiss"]
[EventRounds "7"]
[EventCountry "GER"]
[SourceTitle "CB21_2024"]
[SourceDate "2024.05.22"]
[SourceVersion "1"]
[SourceVersionDate "2024.05.22"]
[SourceQuality "1"]

1. d4 d5 2. e4 dxe4 3. Nc3 Nf6 4. f3 exf3 5. Qxf3 Qxd4 6. Be3 Qg4 7. 0-0-0 Qxf3 8. Nxf3 Nc6 9. Nb5 Bd7 10. Nxc7+ Kd8 11. Nxa8 e5 12. Bc4 Kc8 13. Ng5 Ng4 14. Bg1 Be7 15. Nxf7 Rf8 16. h3 Na5 17. Bd5 Nf6 18. Bxa7 Nxd5 19. Rxd5 Nc6 20. Nb6+ Kc7 21. Rxd7# 1-0

[Event "LSS No Engine Cup 209 Preliminary 0"]
[Site "LSS email"]
[Date "2020.10.24"]
[Round "?"]
[White "Brandt, Volker"]
[Black "Gavrileteanu, Lucian"]
[Result "0-1"]
[WhiteElo "1600"]
[BlackElo "2189"]
[PlyCount "22"]
[EventDate "2020.10.24"]
[EventType "tourn (corr)"]
[EventRounds "6"]
[EventCountry "GER"]
[SourceTitle "Corr 2024"]
[Source "ChessBase"]
[SourceDate "2023.10.19"]
[SourceVersion "1"]
[SourceVersionDate "2023.10.19"]
[SourceQuality "1"]

1. b4 e5 2. Bb2 Bxb4 3. Bxe5 Nf6 4. c3 Ba5 5. f3 0-0 6. d4 Re8 7. e4 d5 8. Bxf6 Qxf6 9. e5 Qb6 10. Qc2 Qxd4 11. Ne2 Qxe5 0-1

[Event "LSS No Engine Cup 209 Preliminary 0"]
[Site "LSS email"]
[Date "2020.10.24"]
[Round "?"]
[White "Recio, Luis"]
[Black "Brandt, Volker"]
[Result "1-0"]
[WhiteElo "1464"]
[BlackElo "1600"]
[PlyCount "71"]
[EventDate "2020.10.24"]
[EventType "tourn (corr)"]
[EventRounds "6"]
[EventCountry "GER"]
[SourceTitle "Corr 2024"]
[Source "ChessBase"]
[SourceDate "2023.10.19"]
[SourceVersion "1"]
[SourceVersionDate "2023.10.19"]
[SourceQuality "1"]

1. c4 Nf6 2. d4 e6 3. Nc3 c5 4. Nf3 d5 5. e3 Nc6 6. cxd5 exd5 7. Bb5 Bd6 8. 0-0 Bd7 9. a3 a6 10. Bxc6 Bxc6 11. dxc5 Bxc5 12. b4 Bd6 13. Bb2 b5 14. Nd4 Bd7 15. h3 0-0 16. Nce2 Ra7 17. Rc1 Ne4 18. Nc3 Qg5 19. Nxe4 dxe4 20. Ne2 Bxh3 21. g3 Bxf1 22. Kxf1 Rd8 23. Bd4 Rad7 24. Ng1 Bxg3 25. Rc5 Qh4 26. Rh5 Qe7 27. fxg3 g6 28. Rh4 f5 29. Qb3+ Kf8 30. Bc5 Rd1+ 31. Kf2 Qxc5 32. bxc5 R8d3 33. Qe6 R3d2+ 34. Ne2 Ra1 35. Rxh7 Rdd1 36. Qf7# 1-0

[Event "ZN-2020-0-04220"]
[Site "LSS email"]
[Date "2020.10.17"]
[Round "?"]
[White "Brandt, Volker"]
[Black "Guenther, Rainer"]
[Result "0-1"]
[WhiteElo "800"]
[BlackElo "895"]
[PlyCount "66"]
[EventDate "2020.10.17"]
[EventType "match (corr)"]
[EventRounds "2"]
[EventCountry "GER"]
[SourceTitle "Corr 2022"]
[Source "ChessBase"]
[SourceDate "2021.10.24"]
[SourceVersion "1"]
[SourceVersionDate "2021.10.24"]
[SourceQuality "1"]

1. b4 e5 2. Bb2 d6 3. e4 Nf6 4. d3 Be7 5. Ne2 0-0 6. h3 c5 7. b5 Be6 8. c4 Nbd7 9. a4 Ne8 10. f4 f5 11. g3 fxe4 12. dxe4 Bxc4 13. Nd2 d5 14. Nxc4 dxc4 15. Qd5+ Kh8 16. Qxc4 Nb6 17. Qc3 exf4 18. gxf4 Bh4+ 19. Ng3 Qe7 20. 0-0-0 Nxa4 21. Qf3 Nxb2 22. Kxb2 Bxg3 23. Qxg3 Rd8 24. Rc1 Rd2+ 25. Kc3 Qd6 26. Qe3 Rd4 27. Bc4 Rxf4 28. Bd5 Nc7 29. Bc4 Rfxe4 30. Qg5 Rxc4+ 31. Kb3 Qd3+ 32. Kb2 Re2+ 33. Ka1 Ra4# 0-1

[Event "ZN-2020-0-04220"]
[Site "LSS email"]
[Date "2020.10.17"]
[Round "?"]
[White "Guenther, Rainer"]
[Black "Brandt, Volker"]
[Result "1-0"]
[WhiteElo "895"]
[BlackElo "800"]
[PlyCount "71"]
[EventDate "2020.10.17"]
[EventType "match (corr)"]
[EventRounds "2"]
[EventCountry "GER"]
[SourceTitle "Corr 2022"]
[Source "ChessBase"]
[SourceDate "2021.10.24"]
[SourceVersion "1"]
[SourceVersionDate "2021.10.24"]
[SourceQuality "1"]

1. e4 d5 2. exd5 Qxd5 3. Nc3 Qa5 4. d4 c6 5. Bd2 Qd8 6. Nf3 Bg4 7. Be3 e6 8. Be2 Bb4 9. 0-0 Bxc3 10. bxc3 Qa5 11. c4 Ne7 12. Ne5 Bxe2 13. Qxe2 Nd7 14. Nxd7 Kxd7 15. d5 cxd5 16. cxd5 Nxd5 17. Rfd1 Ke7 18. Bd2 Qc7 19. c4 Nb6 20. Bb4+ Ke8 21. Rd4 e5 22. Re4 f6 23. Rd1 a5 24. Bd6 Qc6 25. c5 Nd5 26. Qh5+ g6 27. Rxe5+ fxe5 28. Qxe5+ Kf7 29. Rxd5 Rae8 30. Qf4+ Kg8 31. Rd1 h5 32. Qc4+ Kh7 33. Qf7+ Kh6 34. Bf4+ g5 35. h4 Re6 36. Bxg5# 1-0

[Event "OP-2020-0-05036"]
[Site "LSS email"]
[Date "2020.10.16"]
[Round "?"]
[White "Siekierska, Georg"]
[Black "Brandt, Volker"]
[Result "1-0"]
[WhiteElo "800"]
[BlackElo "800"]
[PlyCount "39"]
[EventDate "2020.10.14"]
[EventType "tourn (corr)"]
[EventRounds "4"]
[EventCountry "GER"]
[SourceTitle "Corr 2022"]
[Source "ChessBase"]
[SourceDate "2021.10.24"]
[SourceVersion "1"]
[SourceVersionDate "2021.10.24"]
[SourceQuality "1"]

1. e4 d5 2. exd5 Qxd5 3. Nc3 Qa5 4. d4 c6 5. Nf3 Bg4 6. h3 Bh5 7. g4 Bg6 8. Ne5 f6 9. Nxg6 hxg6 10. Bc4 Nh6 11. Qd3 f5 12. Bd2 Qc7 13. 0-0-0 b5 14. Be6 Qd6 15. Rhe1 Nd7 16. Qf3 Nf6 17. Nxb5 Qb8 18. Qxc6+ Kd8 19. Ba5+ Qb6 20. Qxa8# 1-0

[Event "OP-2020-0-05030"]
[Site "LSS email"]
[Date "2020.10.03"]
[Round "?"]
[White "Gamb, Roper"]
[Black "Brandt, Volker"]
[Result "0-1"]
[WhiteElo "1852"]
[BlackElo "800"]
[PlyCount "24"]
[EventDate "2020.09.30"]
[EventType "tourn (corr)"]
[EventRounds "4"]
[EventCountry "GER"]
[SourceTitle "Corr 2022"]
[Source "ChessBase"]
[SourceDate "2021.10.24"]
[SourceVersion "1"]
[SourceVersionDate "2021.10.24"]
[SourceQuality "1"]

1. e4 d5 2. exd5 Qxd5 3. Nc3 Qa5 4. d4 c6 5. Bc4 Bf5 6. Nf3 e6 7. 0-0 Bb4 8. Ne2 h6 9. Ng3 Bh7 10. Ne5 Nf6 11. Qe2 Nd5 12. Nh5 f6 0-1

[Event "Hamburg HSK Christmas op 1st"]
[Site "Hamburg"]
[Date "2015.12.29"]
[Round "6"]
[White "Brandt, Volker"]
[Black "Klaas, Heiko"]
[Result "1-0"]
[WhiteElo "1520"]
[BlackElo "1260"]
[PlyCount "87"]
[EventDate "2015.12.27"]
[EventType "swiss"]
[EventRounds "7"]
[EventCountry "GER"]
[SourceTitle "EXT 2022"]
[Source "ChessBase"]
[SourceDate "2021.10.06"]
[SourceVersion "1"]
[SourceVersionDate "2021.10.06"]
[SourceQuality "1"]

1. d4 Nf6 2. f3 g6 3. e4 Bg7 4. e5 Nd5 5. c4 Nb6 6. Nc3 Nc6 7. Be3 0-0 8. c5 d6 9. cxb6 axb6 10. f4 Bf5 11. Bd3 Bxd3 12. Qxd3 Nb4 13. Qd2 dxe5 14. fxe5 c6 15. a3 Re8 16. Nf3 c5 17. d5 e6 18. d6 Qd7 19. 0-0 Nc6 20. Bf4 Na5 21. Qc2 c4 22. Nd4 f6 23. Qe2 fxe5 24. Bxe5 Bh6 25. Ncb5 Rac8 26. Nc7 Rf8 27. Ndxe6 Rxf1+ 28. Rxf1 Nc6 29. Bg3 Re8 30. Qxc4 Kh8 31. Nxe8 Qxe8 32. Qc3+ Kg8 33. Qc4 Kh8 34. d7 Qxd7 35. Nf8 Qe7 36. Ne6 Be3+ 37. Bf2 Bxf2+ 38. Rxf2 h5 39. Qd5 b5 40. Rf8+ Kh7 41. Ng5+ Kg7 42. Rf7+ Kh6 43. Rxe7 Nxe7 44. Qxb5 1-0

[Event "LSS VS026"]
[Site "LSS email"]
[Date "2014.07.29"]
[Round "?"]
[White "Brandt, Volker"]
[Black "Krause, Peter"]
[Result "0-1"]
[WhiteElo "800"]
[BlackElo "2314"]
[PlyCount "34"]
[EventDate "2014.08.07"]
[EventType "tourn (corr)"]
[EventRounds "6"]
[EventCountry "GER"]
[SourceTitle "Corr 2015"]
[Source "ChessBase"]
[SourceDate "2015.07.17"]
[SourceVersion "1"]
[SourceVersionDate "2015.07.17"]
[SourceQuality "1"]

1. Nh3 e5 2. f3 d5 3. g3 Nf6 4. e4 dxe4 5. Ng5 exf3 6. Nxf3 e4 7. Ng1 Nc6 8. c3 Bc5 9. Bb5 Ng4 10. Bxc6+ bxc6 11. Qe2 0-0 12. b4 Bb6 13. Nh3 Ne5 14. Nf2 Nd3+ 15. Nxd3 exd3 16. Qf3 Re8+ 17. Kd1 Qd5 0-1

[Event "LSS VS026"]
[Site "LSS email"]
[Date "2014.07.29"]
[Round "?"]
[White "Knoeppel, Peter Otto"]
[Black "Brandt, Volker"]
[Result "1-0"]
[WhiteElo "1954"]
[BlackElo "800"]
[PlyCount "47"]
[EventDate "2014.08.07"]
[EventType "tourn (corr)"]
[EventRounds "6"]
[EventCountry "GER"]
[SourceTitle "Corr 2015"]
[Source "ChessBase"]
[SourceDate "2015.07.17"]
[SourceVersion "1"]
[SourceVersionDate "2015.07.17"]
[SourceQuality "1"]

1. d4 h5 2. e4 d5 3. exd5 Nf6 4. c4 c6 5. dxc6 Nxc6 6. d5 Ne5 7. Qd4 Ng6 8. Nf3 Bg4 9. Be2 Bxf3 10. Bxf3 e5 11. Qd3 Bd6 12. Nc3 0-0 13. 0-0 Qd7 14. Bg5 h4 15. Bxf6 gxf6 16. Ne4 Kg7 17. Nxd6 Qxd6 18. Qf5 Rac8 19. Rac1 Rg8 20. Be4 Qa6 21. c5 Qb5 22. c6 bxc6 23. dxc6 h3 24. Rfd1 1-0

[Event "Niedersachsen-ch open"]
[Site "Verden"]
[Date "2010.01.05"]
[Round "6.71"]
[White "Guenther, Alexander"]
[Black "Brandt, Volker"]
[Result "1-0"]
[WhiteElo "1114"]
[BlackElo "1322"]
[PlyCount "95"]
[EventDate "2010.01.03"]
[EventType "swiss"]
[EventRounds "7"]
[EventCountry "GER"]
[SourceTitle "EXT 2012"]
[Source "ChessBase"]
[SourceDate "2011.11.24"]
[SourceVersion "1"]
[SourceVersionDate "2011.11.24"]
[SourceQuality "1"]

1. e4 h6 2. f4 e6 3. Nf3 b6 4. Bb5 Bb7 5. Nc3 a6 6. Bc4 c5 7. 0-0 b5 8. Be2 b4 9. Na4 Qa5 10. b3 Bxe4 11. d3 Bc6 12. f5 f6 13. fxe6 dxe6 14. Ne5 Ne7 15. Bh5+ g6 16. Nxg6 Nxg6 17. Bxg6+ Ke7 18. Bb2 Nd7 19. a3 Rg8 20. Be4 Bxe4 21. dxe4 Rd8 22. axb4 cxb4 23. Qf3 Bg7 24. e5 Rdf8 25. exf6+ Bxf6 26. Bxf6+ Rxf6 27. Qh3 Qe5 28. Rxf6 Nxf6 29. Rf1 Qd4+ 30. Kh1 Ng4 31. Qh4+ Kd7 32. Rf7+ Kc6 33. Qe1 Ne3 34. Rf3 Qg4 35. Rg3 Qh4 36. Qxe3 Rxg3 37. Qxg3 Qxg3 38. hxg3 Kd5 39. Kg1 Ke4 40. Nc5+ Kd4 41. Nxa6 e5 42. Nxb4 e4 43. Kf1 Ke3 44. Ke1 h5 45. c4 Kd4 46. Nd5 Kc5 47. Ke2 Kd4 48. Kd2 1-0

[Event "Niedersachsen-ch open"]
[Site "Verden"]
[Date "2010.01.03"]
[Round "2.59"]
[White "Grigorian, Spartak"]
[Black "Brandt, Volker"]
[Result "1-0"]
[WhiteElo "1762"]
[BlackElo "1322"]
[PlyCount "41"]
[EventDate "2010.01.03"]
[EventType "swiss"]
[EventRounds "7"]
[EventCountry "GER"]
[SourceTitle "EXT 2012"]
[Source "ChessBase"]
[SourceDate "2011.11.24"]
[SourceVersion "1"]
[SourceVersionDate "2011.11.24"]
[SourceQuality "1"]

1. e4 f6 2. d4 Kf7 3. f4 e6 4. Nf3 Ne7 5. Bd3 g6 6. 0-0 h6 7. b3 a6 8. Bb2 d5 9. c4 dxe4 10. Bxe4 c6 11. Qc2 Nd7 12. Nc3 f5 13. d5 Qb6+ 14. Kh1 Nf6 15. Na4 Qe3 16. Rae1 Qa7 17. Bxf6 Kxf6 18. Qc3+ Kf7 19. Qxh8 Bg7 20. Ne5+ Kf6 21. Qe8 1-0

[Event "Niedersachsen-ch op"]
[Site "Verden"]
[Date "2009.01.05"]
[Round "5"]
[White "Brandt, Volker"]
[Black "Tenninger, Marc"]
[Result "0-1"]
[WhiteElo "1384"]
[BlackElo "1761"]
[PlyCount "124"]
[EventDate "2009.01.03"]
[EventType "swiss"]
[EventRounds "7"]
[EventCountry "GER"]
[SourceTitle "EXT 2012"]
[Source "ChessBase"]
[SourceDate "2011.11.24"]
[SourceVersion "1"]
[SourceVersionDate "2011.11.24"]
[SourceQuality "1"]

1. Nf3 d5 2. Rg1 Nf6 3. d3 Bf5 4. h3 e6 5. g4 Bg6 6. h4 h6 7. Ne5 Bh7 8. g5 hxg5 9. Bxg5 Nbd7 10. Nxd7 Qxd7 11. e3 0-0-0 12. Bh3 Bg6 13. Bg4 Be7 14. a4 Qd6 15. c3 Nxg4 16. Qxg4 Bxd3 17. Bxe7 Qxe7 18. Qd4 Bxb1 19. Rxb1 b6 20. Ke2 g6 21. Rg5 Rh7 22. a5 Rdh8 23. Rh1 c5 24. Qa4 Qd7 25. Rg4 Qxa4 26. Rxa4 b5 27. Rg4 c4 28. Kf3 Kb7 29. Kg3 Ka6 30. Ra1 Rh5 31. f4 R8h6 32. f5 Rxf5 33. e4 dxe4 34. Rxe4 Rhh5 35. Kg4 Rd5 36. Re2 e5 37. Rf1 Rd7 38. Rf6+ Kxa5 39. Re1 b4 40. Ra1+ Kb5 41. Raf1 bxc3 42. bxc3 Rh7 43. Rb1+ Kc5 44. Ra1 Rb7 45. Re1 Re7 46. Ra1 Kd5 47. Rd1+ Kc5 48. Ra1 Re6 49. Rxe6 fxe6 50. Ra5+ Kd6 51. Ra6+ Kd5 52. Ra1 Ke4 53. Rd1 Ke3 54. Rd6 e4 55. Rd4 e5 56. Rd6 Ke2 57. Rd5 e3 58. Kg3 Ke1 59. Kf3 e2 60. Ra5 Rf7+ 61. Ke3 Kf1 62. Ra1+ e1Q+ 0-1

[Event "Niedersachsen-ch op"]
[Site "Verden"]
[Date "2009.01.03"]
[Round "1"]
[White "Edel, Fenja"]
[Black "Brandt, Volker"]
[Result "0-1"]
[WhiteElo "982"]
[BlackElo "1384"]
[PlyCount "94"]
[EventDate "2009.01.03"]
[EventType "swiss"]
[EventRounds "7"]
[EventCountry "GER"]
[SourceTitle "EXT 2012"]
[Source "ChessBase"]
[SourceDate "2011.11.24"]
[SourceVersion "1"]
[SourceVersionDate "2011.11.24"]
[SourceQuality "1"]

1. e4 Nf6 2. Nc3 d6 3. d4 Nbd7 4. Nf3 h6 5. Bf4 g5 6. Bg3 Nh5 7. Be2 Nxg3 8. fxg3 c6 9. Nd2 Bg7 10. Nb3 Nf6 11. Rf1 h5 12. e5 dxe5 13. dxe5 Qxd1+ 14. Rxd1 Ng4 15. Bc4 e6 16. Rh1 Nxe5 17. Be2 b6 18. h4 g4 19. Nd4 Bb7 20. Ne4 0-0-0 21. Rf1 a6 22. Ng5 Rd7 23. Nb3 Rhd8 24. Rd2 Bh6 25. Kd1 Bxg5 26. hxg5 Rxd2+ 27. Nxd2 c5 28. Rf2 b5 29. Kc1 c4 30. b3 c3 31. Nb1 b4 32. a3 a5 33. Bb5 Bd5 34. Re2 Ng6 35. Rf2 e5 36. axb4 axb4 37. Ba6+ Kd7 38. Bb5+ Ke6 39. Rf6+ Ke7 40. Ra6 h4 41. gxh4 Nxh4 42. g3 Nf3 43. g6 f6 44. g7 Kf7 45. Ra7+ Kg8 46. Bc4 Bxc4 47. bxc4 Nd4 0-1